000 00309nam a22001337a 4500
008 170322b xxu||||| |||| 00| 0 eng d
020 _a9781593771843
041 _aeng
080 _a616.12-008-073
100 _a7
101 _aSHM
245 _aCARDIOPULMONARY PHYSIOLOGY
_cRICHARDSON.D.R
942 _2udc
_cBK
999 _c8320
_d8320